[Event "15. Bayer Open"]
[Site "Leverkusen"]
[Date "2017.04.03"]
[Round "7.38"]
[White "Autiero, Giovanni"]
[Black "Roder, Stephan"]
[Result "0-1"]
[WhiteElo "1773"]
[BlackElo "1389"]
[PlyCount "66"]
[EventDate "2017.??.??"]
[WhiteTeam "Düsseldorfer SK"]
[BlackTeam "Bergische SF"]

1. d4 e6 2. e4 b6 3. Bd3 Bb7 4. f4 Nc6 5. c3 Nge7 6. Nf3 d5 7. e5 Qd7 8. Ng5 g6
9. g4 Bg7 10. O-O f5 11. exf6 Bxf6 12. f5 exf5 13. gxf5 Bxg5 14. Bxg5 Nxf5 15.
Bxf5 gxf5 16. Qh5+ Qf7 17. Re1+ Kf8 18. Bh6+ Kg8 19. Qh4 Qg6+ 20. Kh1 Ne5 21.
Rg1 Qxg1+ 22. Kxg1 Nf3+ 23. Kg2 Nxh4+ 24. Kh3 Ng6 25. Na3 Re8 26. Nb5 a6 27.
Na3 Re4 28. Bg5 Kf7 29. Rf1 Bc8 30. Bc1 Rg8 31. Kg2 Ne5+ 32. Kh1 Nd3 33. Nc2
Re2 0-1

[Event "15. Bayer Open"]
[Site "Leverkusen"]
[Date "2017.04.03"]
[Round "7.39"]
[White "Antar Badal, Azadi"]
[Black "Skiber, Friedel"]
[Result "1-0"]
[WhiteElo "1683"]
[BlackElo "1557"]
[PlyCount "105"]
[EventDate "2017.??.??"]
[WhiteTeam "Königsspringer Leverkusen"]
[BlackTeam "SG Solingen"]

1. e4 d6 2. d4 Nf6 3. Nc3 g6 4. h3 Bg7 5. Nf3 O-O 6. Bf4 c6 7. Qd2 b5 8. a3
Nbd7 9. Bh6 e5 10. Bg5 exd4 11. Nxd4 Qb6 12. Be3 Nc5 13. Bd3 Re8 14. f3 d5 15.
O-O dxe4 16. fxe4 Ncxe4 17. Bxe4 Nxe4 18. Nxe4 Rxe4 19. Nf5 Qc7 20. Nxg7 Kxg7
21. Qc3+ Qe5 22. Qxe5+ Rxe5 23. Bd4 f6 24. Bxe5 fxe5 25. Rfe1 e4 26. Rxe4 Bf5
27. Re2 c5 28. g4 Bc8 29. Re7+ Kg8 30. Rc7 Be6 31. Re1 Bf7 32. Ree7 Rf8 33.
Rxc5 a6 34. Rcc7 a5 35. b3 g5 36. Re5 a4 37. Rxg5+ Bg6 38. Rxb5 axb3 39. Rxb3
Rd8 40. Rbb7 Rd4 41. Kf2 Rd2+ 42. Ke3 Rd8 43. h4 Re8+ 44. Re7 Rc8 45. Rbc7 Ra8
46. Rc3 Kf8 47. Rec7 Re8+ 48. Kd2 Re4 49. R7c4 Re8 50. h5 Bf7 51. Rc7 Re6 52.
Rf3 Re7 53. Rxe7 1-0

[Event "15. Bayer Open"]
[Site "Leverkusen"]
[Date "2017.04.03"]
[Round "7.41"]
[White "Baumgarten, Fred"]
[Black "Elsweiler, Karl-Heinz"]
[Result "1-0"]
[WhiteElo "1589"]
[BlackElo "1574"]
[PlyCount "43"]
[EventDate "2017.??.??"]
[WhiteTeam "SV Hennef"]
[BlackTeam "SV Opladen"]

1. e4 d5 2. exd5 Qxd5 3. Nc3 Qa5 4. d4 c6 5. Bc4 Nf6 6. Bd2 Qd8 7. Nf3 Bg4 8.
Ne5 Qxd4 9. Bxf7+ Kd8 10. Nxg4 Nxg4 11. Bf4 Qxd1+ 12. Rxd1+ Nd7 13. Be6 Ngf6
14. Bg5 Kc7 15. Bf4+ Kd8 16. O-O a5 17. Na4 b5 18. Nc5 Ra7 19. Bb8 Ra8 20. Nxd7
Nxd7 21. Rxd7+ Kc8 22. Be5 1-0

[Event "15. Bayer Open"]
[Site "Leverkusen"]
[Date "2017.04.03"]
[Round "7.42"]
[White "Müller, Horst"]
[Black "Gülden, Ralf"]
[Result "1/2-1/2"]
[WhiteElo "1497"]
[BlackElo "1535"]
[PlyCount "89"]
[EventDate "2017.??.??"]
[WhiteTeam "SV Springer Hitdorf"]
[BlackTeam "Königsspringer Leverkusen"]

1. c4 Nf6 2. Nc3 e6 3. e4 d6 4. d4 Nc6 5. Nf3 Be7 6. Be2 O-O 7. O-O b6 8. a3
Bb7 9. Re1 Rc8 10. Bd3 e5 11. d5 Nb8 12. Nb5 Nbd7 13. Nxa7 Ra8 14. Nb5 Nc5 15.
Bc2 c6 16. Nc3 cxd5 17. cxd5 Rc8 18. b4 Ncd7 19. Bb2 Ba6 20. Bd3 Bxd3 21. Qxd3
Nh5 22. Ne2 g6 23. Nd2 f5 24. Rac1 Rxc1 25. Rxc1 fxe4 26. Nxe4 Ndf6 27. Ng5 Ng7
28. Qh3 Nfh5 29. Ne6 Nxe6 30. Qxe6+ Kg7 31. Rc2 Bf6 32. Bc1 Re8 33. Qh3 Bg5 34.
Bxg5 Qxg5 35. Qd7+ Re7 36. Qxd6 Nf4 37. Nxf4 exf4 38. Kf1 Ra7 39. Rc7+ Rxc7 40.
Qxc7+ Kh6 41. d6 Qd5 42. Qc2 Qxd6 43. Qe2 Qd4 44. Qc2 Qa1+ 45. Ke2 1/2-1/2

[Event "15. Bayer Open"]
[Site "Leverkusen"]
[Date "2017.04.03"]
[Round "7.43"]
[White "Diaubalick, Ulrich"]
[Black "Kronseder, Michael"]
[Result "1/2-1/2"]
[WhiteElo "1476"]
[BlackElo "1537"]
[PlyCount "40"]
[EventDate "2017.??.??"]
[WhiteTeam "SF Düsseldorf-Süd"]
[BlackTeam "SV Hürth-Berrenrath"]

1. e4 c5 2. Nf3 g6 3. c3 Bg7 4. Be2 Nc6 5. O-O e6 6. Na3 Nge7 7. Nc2 d5 8. exd5
exd5 9. d4 cxd4 10. Nfxd4 O-O 11. Be3 Ne5 12. Qc1 Nf5 13. Nxf5 Bxf5 14. Nd4 Bg4
15. f3 Bd7 16. Bh6 Qb6 17. Bxg7 Kxg7 18. Kh1 Rac8 19. Qd2 Nc4 20. Bxc4 dxc4
1/2-1/2

[Event "15. Bayer Open"]
[Site "Leverkusen"]
[Date "2017.04.03"]
[Round "7.44"]
[White "Rist, Kurt"]
[Black "Wotzka, Anton"]
[Result "1-0"]
[WhiteElo "1503"]
[BlackElo "1513"]
[PlyCount "55"]
[EventDate "2017.??.??"]
[WhiteTeam "SG Solingen"]
[BlackTeam "SF Schlebusch"]

1. e4 e5 2. Nc3 Nf6 3. Bc4 Bc5 4. Qf3 O-O 5. Nh3 h6 6. d3 d6 7. Qg3 Nh5 8. Qf3
Nf6 9. Nd5 Nxd5 10. Bxd5 c6 11. Bb3 Be6 12. Qg3 Qf6 13. Rf1 Bxb3 14. axb3 Qg6
15. Qh4 f6 16. g3 Nd7 17. f4 a6 18. Bd2 Rf7 19. f5 Qh7 20. Qh5 Raf8 21. Ke2 d5
22. Ng1 dxe4 23. dxe4 Nb6 24. Nf3 Rd7 25. Be3 Bxe3 26. Kxe3 Rfd8 27. Nh4 Nc8
28. Rad1 1-0

[Event "15. Bayer Open"]
[Site "Leverkusen"]
[Date "2017.04.03"]
[Round "7.45"]
[White "Azimi, Reza"]
[Black "Dörper, Georg"]
[Result "1-0"]
[WhiteElo "1303"]
[BlackElo "1344"]
[PlyCount "63"]
[EventDate "2017.??.??"]
[WhiteTeam "Schachuzipus Köln-Mülheim"]
[BlackTeam "SF Düsseldorf-Süd"]

1. e4 c5 2. Nf3 d6 3. d4 cxd4 4. Nxd4 Nc6 5. c3 Nf6 6. Bd3 e5 7. Nxc6 bxc6 8.
Bg5 Be7 9. O-O h6 10. Bh4 O-O 11. h3 Be6 12. Nd2 Rb8 13. b3 Nh7 14. Bxe7 Qxe7
15. f4 exf4 16. Rxf4 Qg5 17. Rf3 Qe5 18. Qc2 Ng5 19. Re3 Qc5 20. Rae1 Rbe8 21.
Kh1 Qb6 22. h4 Nh7 23. e5 dxe5 24. Bxh7+ Kh8 25. Bd3 f6 26. c4 Qc7 27. Bg6 Rd8
28. Ne4 Rd4 29. g3 Rfd8 30. Qf2 c5 31. Nxf6 gxf6 32. Qxf6+ 1-0

[Event "15. Bayer Open"]
[Site "Leverkusen"]
[Date "2017.04.03"]
[Round "7.46"]
[White "Klees, Robert"]
[Black "Kolleck, Wolf-Dietrich"]
[Result "1/2-1/2"]
[WhiteElo "1343"]
[BlackElo "1492"]
[PlyCount "27"]
[EventDate "2017.??.??"]
[WhiteTeam "SF Düsseldorf-Süd"]
[BlackTeam "SC Bayer Leverkusen"]

1. d4 d5 2. c4 e6 3. Nc3 Nf6 4. cxd5 exd5 5. Bg5 c6 6. Qc2 Be7 7. Nf3 Nbd7 8.
e3 h6 9. Bh4 O-O 10. Bd3 Re8 11. O-O b6 12. e4 dxe4 13. Nxe4 Bb7 14. Nxf6+
1/2-1/2

[Event "15. Bayer Open"]
[Site "Leverkusen"]
[Date "2017.04.03"]
[Round "7.47"]
[White "Sinner, Joselyne"]
[Black "Wehr, Günter"]
[Result "1/2-1/2"]
[WhiteElo "1050"]
[BlackElo "1433"]
[PlyCount "47"]
[EventDate "2017.??.??"]
[WhiteTeam "SG Porz"]
[BlackTeam "SV Opladen"]

1. e4 e5 2. Nf3 Nc6 3. Nc3 Nf6 4. Bb5 d6 5. d3 Bd7 6. Bg5 Be7 7. O-O h6 8. Be3
a6 9. Bc4 O-O 10. d4 exd4 11. Nxd4 Nxd4 12. Qxd4 Bc6 13. Rfe1 Ng4 14. Bf4 Bf6
15. Qd1 Ne5 16. Bd5 Re8 17. Bxc6 Nxc6 18. Qd3 Re6 19. Qg3 Kh7 20. Qd3 Ne5 21.
Bxe5 dxe5 22. Nd5 Kh8 23. Nxf6 Qxf6 24. Qc3 1/2-1/2

[Event "15. Bayer Open"]
[Site "Leverkusen"]
[Date "2017.04.03"]
[Round "7.48"]
[White "Kayser, Manfred"]
[Black "Riesen, Ingo"]
[Result "0-1"]
[WhiteElo "1484"]
[BlackElo "1410"]
[PlyCount "68"]
[EventDate "2017.??.??"]
[WhiteTeam "Königsspringer Leverkusen"]
[BlackTeam "Klub Kölner SF"]

1. d4 d5 2. c4 c6 3. cxd5 cxd5 4. Nf3 Nf6 5. Nc3 e6 6. e3 Be7 7. Bd3 O-O 8. O-O
Nbd7 9. Bd2 a6 10. Rc1 b5 11. a3 Bb7 12. Na2 Bd6 13. Bb4 Bxb4 14. Nxb4 Rc8 15.
Re1 a5 16. Na2 Qb6 17. Qe2 b4 18. h3 Rfe8 19. Bb5 Bc6 20. Bxc6 Rxc6 21. Rxc6
Qxc6 22. axb4 axb4 23. Nxb4 Qb6 24. Nd3 Ne4 25. Nfe5 Nf8 26. Rc1 f6 27. Nc6 Kf7
28. Ncb4 Kg8 29. Rc6 Qb7 30. Qc2 Re7 31. Na6 Ng5 32. Qa4 Nf7 33. b4 Nd8 34.
Nac5 Qxc6 0-1

[Event "15. Bayer Open"]
[Site "Leverkusen"]
[Date "2017.04.03"]
[Round "7.50"]
[White "Esser, Heinz"]
[Black "Ecker, Karl-Heinz"]
[Result "1/2-1/2"]
[WhiteElo "1355"]
[BlackElo "1396"]
[PlyCount "72"]
[EventDate "2017.??.??"]
[WhiteTeam "SV Dormagen"]
[BlackTeam "SK Köln-Worringen"]

1. c4 c5 2. g3 e6 3. Bg2 Nf6 4. Nc3 Be7 5. e4 e5 6. Nge2 O-O 7. O-O d6 8. d3
Nc6 9. h3 Ne8 10. f4 f5 11. Kh2 Nc7 12. fxe5 Nxe5 13. Nf4 Bg5 14. Ncd5 Nxd5 15.
Nxd5 Bxc1 16. Rxc1 Bd7 17. Ne3 Qg5 18. Qe2 f4 19. gxf4 Rxf4 20. Rxf4 Qxf4+ 21.
Kh1 Qg3 22. Rf1 Bxh3 23. Nf5 Bxf5 24. exf5 Rf8 25. Bd5+ Kh8 26. Be4 Rf6 27. Rf2
Ng4 28. Rg2 Rh6+ 29. Kg1 Qe3+ 30. Qxe3 Nxe3 31. Re2 Ng4 32. Bxb7 Ne5 33. Be4
Rf6 34. a3 a5 35. Rd2 g6 36. Rf2 Kg7 1/2-1/2

[Event "15. Bayer Open"]
[Site "Leverkusen"]
[Date "2017.04.03"]
[Round "7.52"]
[White "Foitzik, Peter"]
[Black "Bursch, Alexander"]
[Result "0-1"]
[WhiteElo "1428"]
[BlackElo "1506"]
[PlyCount "46"]
[EventDate "2017.??.??"]
[WhiteTeam "vereinslos"]
[BlackTeam "SV Hennef"]

1. e4 c5 2. Nc3 g6 3. g3 Bg7 4. Bg2 Nc6 5. d3 d6 6. Be3 e6 7. f4 Nge7 8. Nge2
O-O 9. Qd2 Nd4 10. Bxd4 cxd4 11. Nd1 Qb6 12. a4 a5 13. Ra3 Bd7 14. c4 Nc6 15.
O-O Nb4 16. Nf2 Qc5 17. Raa1 Bc6 18. h3 f5 19. b3 Rad8 20. Kh2 Qb6 21. Rfe1 Qc7
22. Rab1 Rde8 23. Ng1 e5 0-1

[Event "15. Bayer Open"]
[Site "Leverkusen"]
[Date "2017.04.03"]
[Round "7.53"]
[White "Brink, Manfred"]
[Black "Balduan, Karl-Heinz"]
[Result "0-1"]
[WhiteElo "934"]
[BlackElo "1511"]
[PlyCount "68"]
[EventDate "2017.??.??"]
[WhiteTeam "SK Köln-Worringen"]
[BlackTeam "Königsspringer Leverkusen"]

1. c4 c5 2. Nc3 Nc6 3. Nf3 e5 4. g3 d6 5. Bg2 Be7 6. e4 Nf6 7. O-O O-O 8. Nd5
Nxd5 9. cxd5 Nb4 10. d3 a5 11. a3 Na6 12. Be3 b5 13. b4 Bb7 14. Nd2 axb4 15.
Qb3 Qd7 16. f4 f6 17. fxe5 fxe5 18. Rxf8+ Bxf8 19. h4 bxa3 20. Nb1 b4 21. Kh2
Bc8 22. Nd2 Qb7 23. Nc4 Nc7 24. Nxe5 dxe5 25. Bh3 Kh8 26. d6 Nb5 27. Rf1 Bxh3
28. Kxh3 Bxd6 29. Rf7 Qc8+ 30. Kg2 a2 31. Rxg7 Kxg7 32. Bh6+ Kxh6 33. Qf7 Qg4
34. Qf6+ Qg6 0-1